La balanza de pagos y su integración en las cuentas nacionales

Saved in:
Bibliografiske detaljer
Hovedforfatter: Host-Madsen, Poul (Author)
Format: Bog
Sprog:spansk
Udgivet: Ciudad de México CEMLA 1970
Fag:
Tags: Tilføj Tag
Ingen Tags, Vær først til at tagge denne postø!

MARC

LEADER 00000nam a2200000 a 4500
001 UCS2866
003 CL-VaPUC
008 970606e19700000MX |||||||||||||||||spa|d
082 0 4 |a 382.17  |b HOS  |2 21 
100 |a Host-Madsen, Poul  |e author  |9 388757 
245 1 3 |a La balanza de pagos y su integración en las cuentas nacionales 
300 |a 250 p 
942 |c BK 
945 |d 19970606 00:00:00  |a lriquelm 
260 |a Ciudad de México  |b CEMLA  |c 1970 
650 0 |a Balanza de pagos  |9 316476 
650 7 |a CONTABILIDAD NACIONAL  |2 CL-VaPUC  |9 388758 
650 0 |a Bienes  |9 255749 
650 7 |a SERVICIOS  |2 CL-VaPUC  |9 333888 
650 0 |a Estados de cuentas  |9 352305 
650 0 |a Inversiones  |9 345867 
583 |a last modification  |c 19970606 00:00:00  |k Rodrigo Vera 
999 |c 260793  |d 260791 
952 |0 0  |1 0  |4 0  |6 382_170000000000000_HOS_1970  |7 0  |8 P  |9 287135  |a BIBDER  |b BIBDER  |d 2019-11-19  |i 1865692  |o 382.17 HOS 1970  |p 1865692  |r 2023-01-25  |w 2019-11-19  |y BK  |k DER